[Event "Weekend A"]
[Site "Monza ITA"]
[Date "2000.03.18"]
[Round "1"]
[White "Bemporad, Filippo"]
[Black "Miatello, Alberto"]
[Result "0-1"]
[WhiteElo "2110"]
[BlackElo "1782"]
[PlyCount "109"]
[EventDate "2000.03.18"]

1.d4 Nf6 2.Nf3 g6 3.c4 Bg7 4.Nc3 d6 5.e4 O-O 6.Be2 e5 7.O-O Nbd7 8.Be3 c6 
9.d5 c5 10.Ne1 Qe7 11.Qd2 Ne8 12.f4 f5 13.fxe5 Nxe5 14.Bg5 Bf6 15.Bh6 Rf7 
16.Nf3 Ng4 17.Bg5 fxe4 18.Bxf6 Rxf6 19.Ne1 Rxf1+ 20.Bxf1 Qe5 21.g3 Nef6 
22.Nc2 e3 23.Qe2 Bf5 24.Bg2 Nxh2 25.Qxe3 Nhg4 26.Qxe5 Nxe5 27.Ne3 Nh5 28.
Nxf5 gxf5 29.Nb5 Nxc4 30.b3 a6 31.Nc7 Rc8 32.Ne6 Ne3 33.Bf3 Nf6 34.Nf4 
Neg4 35.Re1 Ne5 36.Bg2 b5 37.Kf2 c4 38.Rc1 Nh5 39.Ke3 Nxf4 40.gxf4 Nd3 41.
Rg1 Re8+ 42.Kd2 Kf7 43.Rh1 Nxf4 44.Bf3 Kg7 45.bxc4 bxc4 46.Rh4 Ng6 47.Rxc4
Ne5 48.Rc7+ Kg6 49.Be2 h5 50.a4 Ra8 51.Ke3 h4 52.Kf4 h3 53.Rc1 Rb8 54.Rg1+
Kf6 55.Kg3 0-1

[Event "Weekend A"]
[Site "Monza ITA"]
[Date "2000.03.18"]
[Round "1"]
[White "Damia, Angelo"]
[Black "Bozzali, Ermanno"]
[Result "1/2-1/2"]
[WhiteElo "1714"]
[BlackElo "2061"]
[PlyCount "88"]
[EventDate "2000.03.18"]

1.e4 c5 2.Nf3 d6 3.d4 cxd4 4.Nxd4 Nf6 5.f3 a6 6.Bc4 e6 7.Nc3 Be7 8.Be3 Qc7
9.Bb3 Nc6 10.Qe2 Na5 11.Qf2 Nxb3 12.Nxb3 Nd7 13.O-O b5 14.Rac1 Bf6 15.Bd4 
Bb7 16.Bxf6 Nxf6 17.Rfd1 O-O 18.Kh1 Rfd8 19.Qg3 Rac8 20.Ne2 d5 21.Qxc7 
Rxc7 22.exd5 Bxd5 23.Nc3 Rdc8 24.Nxd5 Nxd5 25.c3 Kf8 26.Kg1 Ke7 27.Kf2 Nb6
28.Nd4 Nc4 29.b3 Nd6 30.Ne2 Ne8 31.Rd4 Nf6 32.f4 Nd5 33.c4 Nb6 34.Rd2 bxc4
35.Rdc2 Kd6 36.Ng3 f5 37.Rd2+ Ke7 38.Re2 g6 39.Rce1 Nd5 40.Rxe6+ Kf7 41.
bxc4 Rxc4 42.Rxa6 Nxf4 43.Re3 Rc2+ 44.Ne2 Nd5 1/2-1/2

[Event "Weekend A"]
[Site "Monza ITA"]
[Date "2000.03.18"]
[Round "1"]
[White "Olivo, Mario"]
[Black "Burani, Eugenio"]
[Result "1/2-1/2"]
[WhiteElo "1657"]
[BlackElo "1738"]
[PlyCount "63"]
[EventDate "2000.03.18"]

1.d4 Nf6 2.c4 c5 3.d5 e6 4.Nc3 exd5 5.cxd5 d6 6.e4 g6 7.Be2 a6 8.a4 Bg7 9.
Nf3 Bg4 10.Nd2 Bxe2 11.Qxe2 Nbd7 12.Nc4 Nb6 13.e5 Nbxd5 14.Nxd6+ Kf8 15.
Nxd5 Nxd5 16.Qf3 Qe7 17.O-O Bxe5 18.Bh6+ Kg8 19.Qxd5 Qxd6 20.Qxd6 Bxd6 21.
Rad1 Be5 22.Rd2 Bg7 23.Be3 c4 24.Rfd1 h5 25.Bb6 Rc8 26.Rc2 Kh7 27.Rd7 Rhe8
28.g3 Kh8 29.Rxb7 Re1+ 30.Kg2 Rb1 31.Rc7 Rxc7 32.Bxc7 1/2-1/2

[Event "Weekend A"]
[Site "Monza ITA"]
[Date "2000.03.18"]
[Round "1"]
[White "Zacco, Remo"]
[Black "Romano', Fabio"]
[Result "1-0"]
[WhiteElo "1794"]
[BlackElo "1717"]
[PlyCount "53"]
[EventDate "2000.03.18"]

1.e4 c5 2.Nf3 d6 3.Bb5+ Bd7 4.Bxd7+ Qxd7 5.c4 Qg4 6.O-O Qxe4 7.d4 cxd4 8.
Nxd4 Nc6 9.Nb5 O-O-O 10.Be3 a6 11.Nd2 Qf5 12.Na7+ Nxa7 13.Bxa7 e6 14.b4 
Ne7 15.Qa4 Nc6 16.Bb6 Rd7 17.b5 Nb8 18.Nb3 Be7 19.Rac1 Bd8 20.Ba7 Bc7 21.
Bxb8 Bxb8 22.bxa6 bxa6 23.Qxa6+ Kd8 24.c5 dxc5 25.Rxc5 Qf4 26.g3 Qd6 27.
Rc8+ 1-0

[Event "Weekend A"]
[Site "Monza ITA"]
[Date "2000.03.19"]
[Round "2"]
[White "Bozzali, Ermanno"]
[Black "Olivo, Mario"]
[Result "0-1"]
[WhiteElo "2061"]
[BlackElo "1657"]
[PlyCount "86"]
[EventDate "2000.03.18"]

1.e4 c5 2.Nf3 d6 3.d4 cxd4 4.Nxd4 Nf6 5.Nc3 a6 6.Bc4 e6 7.Bb3 Nbd7 8.O-O 
Nc5 9.Re1 Be7 10.Qf3 Nxb3 11.axb3 Rb8 12.Qg3 O-O 13.Be3 Qc7 14.Rad1 b5 15.
Bh6 Ne8 16.Rd3 Bb7 17.Kh1 b4 18.Nd1 Rc8 19.c4 Kh8 20.Bd2 Nf6 21.f3 a5 22.
Ne3 Nh5 23.Qg4 Nf6 24.Qg3 Nh5 25.Qg4 Nf6 26.Qh3 Nd7 27.Nb5 Qb8 28.Ng4 Nc5 
29.Rde3 e5 30.Qh5 Ne6 31.g3 Bc6 32.f4 exf4 33.Rf3 Qb7 34.Nf2 f5 35.gxf4 g6
36.Qh3 Ng7 37.Rg3 Kg8 38.Kg1 fxe4 39.Nd4 Bd7 40.Qg2 Bf6 41.Be3 Rce8 42.f5 
Bxd4 43.Bxd4 Bxf5 $138 0-1

[Event "Weekend A"]
[Site "Monza ITA"]
[Date "2000.03.19"]
[Round "2"]
[White "Miatello, Alberto"]
[Black "Damia, Angelo"]
[Result "1-0"]
[WhiteElo "1782"]
[BlackElo "1714"]
[PlyCount "71"]
[EventDate "2000.03.18"]

1.e4 e5 2.Nf3 Nc6 3.Be2 Nf6 4.d4 Nxd4 5.Nxd4 exd4 6.e5 Ne4 7.Qxd4 Nc5 8.
Be3 Ne6 9.Qa4 Bc5 10.Bxc5 Nxc5 11.Qd4 Ne6 12.Qc3 Qg5 13.Nd2 Nf4 14.g3 Nxe2
15.Kxe2 Qg4+ 16.f3 Qh3 17.Kf2 O-O 18.Qxc7 b6 19.Ne4 Ba6 20.c3 Rfc8 21.Qd6 
Bb7 22.Rae1 Qf5 23.Qd4 Bxe4 24.Rxe4 Qe6 25.b3 Rc6 26.Rd1 Qh3 27.Rh4 Qf5 
28.Qd3 Qxe5 29.Qxh7+ Kf8 30.Qh8+ Ke7 31.Qxa8 Re6 32.Re4 Qc5+ 33.Kg2 Qxc3 
34.Qd5 Qc7 35.Rc4 Qd8 36.Qg5+ 1-0

[Event "Weekend A"]
[Site "Monza ITA"]
[Date "2000.03.19"]
[Round "2"]
[White "Papale, Carmelo"]
[Black "Burani, Eugenio"]
[Result "1-0"]
[WhiteElo "1866"]
[BlackElo "1738"]
[PlyCount "77"]
[EventDate "2000.03.18"]

1.Nf3 Nf6 2.g3 g6 3.Bg2 Bg7 4.O-O O-O 5.d3 d6 6.e4 c5 7.Nbd2 Nc6 8.Re1 Bg4
9.h3 Bd7 10.a4 Qc8 11.Kh2 Qc7 12.Nc4 Ne8 13.c3 Be6 14.Ne3 Nf6 15.Ng5 Bd7 
16.f4 h6 17.Nf3 Rac8 18.Nc4 e6 19.e5 Ne8 20.Bd2 d5 21.Ne3 f6 22.Nh4 fxe5 
23.Nxg6 exf4 24.Nxf4 Nf6 25.Ng4 Rce8 26.Ng6 Rf7 27.Nxh6+ Bxh6 28.Bxh6 Rh7 
29.Bf4 e5 30.Bg5 Ng4+ 31.Kg1 Kg7 32.Nh4 Nf6 33.Bxf6+ Kxf6 34.Qf3+ Kg7 35.
Rf1 Be6 36.Rf2 Kg8 37.Ng6 Ne7 38.Nxe7+ Qxe7 39.Raf1 1-0

[Event "Weekend A"]
[Site "Monza ITA"]
[Date "2000.03.19"]
[Round "2"]
[White "Romano', Fabio"]
[Black "Bemporad, Filippo"]
[Result "0-1"]
[WhiteElo "1717"]
[BlackElo "2110"]
[PlyCount "90"]
[EventDate "2000.03.18"]

1.e4 c5 2.Nf3 d6 3.d4 cxd4 4.Nxd4 Nf6 5.Nc3 e6 6.Be3 Be7 7.Bd3 O-O 8.O-O 
Nc6 9.a3 a6 10.Nxc6 bxc6 11.f4 Qc7 12.Qe2 Bb7 13.b4 Rfd8 14.Na4 Nd7 15.Qf2
Bf6 16.Rab1 a5 17.Nb6 Rab8 18.Nxd7 Qxd7 19.Bb6 Rdc8 20.Bxa5 Ra8 21.Qe2 c5 
22.Bb5 Bc6 23.Bxc6 Qxc6 24.Rfc1 g6 25.c4 Bg7 26.Rb3 Qa4 27.Qd1 Bh6 28.g3 
e5 29.Qf3 exf4 30.gxf4 Bxf4 31.Rf1 Ra7 32.Qh3 Rb8 33.Rxf4 Rxa5 34.Rbf3 Ra7
35.Qf1 cxb4 36.axb4 Rf8 37.b5 Qb4 38.Qd3 Rc7 39.Rf6 Rxc4 40.Rxd6 Qxb5 41.
Rd4 Rc1+ 42.Kg2 Qc5 43.Qe3 Rc2+ 44.Kg3 Qe5+ 45.Qf4 Qxd4 0-1

[Event "Weekend A"]
[Site "Monza ITA"]
[Date "2000.03.19"]
[Round "3"]
[White "Bemporad, Filippo"]
[Black "Zacco, Remo"]
[Result "0-1"]
[WhiteElo "2110"]
[BlackElo "1794"]
[PlyCount "100"]
[EventDate "2000.03.18"]

1.d4 d6 2.Nf3 g6 3.c4 Bg7 4.Nc3 Nf6 5.e4 O-O 6.Be2 c5 7.O-O cxd4 8.Nxd4 a6
9.Be3 Nbd7 10.Rc1 Nc5 11.f3 e5 12.Nc2 Ne6 13.Qd2 Qe7 14.Rfd1 Rd8 15.Bb6 
Rd7 16.Nb4 Qf8 17.Be3 Nc5 18.Nbd5 Rb8 19.Nb6 Rc7 20.Qxd6 Qxd6 21.Rxd6 Be6 
22.Rcd1 Ncd7 23.Nbd5 Bxd5 24.Nxd5 Nxd5 25.R6xd5 Nf8 26.Bc5 Re8 27.b4 Rec8 
28.Be3 Ne6 29.Rd7 Re8 30.Bb6 Rxd7 31.Rxd7 Rb8 32.Ba7 Rd8 33.Rxd8+ Nxd8 34.
c5 Nc6 35.Bb6 Nxb4 36.Bc4 Bf8 37.Kf2 Be7 38.Bd5 Bxc5+ 39.Bxc5 Nd3+ 40.Ke3 
Nxc5 41.Kd2 Kf8 42.Kc3 f6 43.Kb4 b6 44.a4 Nd3+ 45.Kc4 Ne1 46.Bb7 b5+ 47.
Kd5 bxa4 48.Bxa6 a3 49.Bc4 Nxg2 50.Ba2 Ne1 0-1

[Event "Weekend A"]
[Site "Monza ITA"]
[Date "2000.03.19"]
[Round "3"]
[White "Burani, Eugenio"]
[Black "Damia, Angelo"]
[Result "1/2-1/2"]
[WhiteElo "1738"]
[BlackElo "1714"]
[PlyCount "88"]
[EventDate "2000.03.18"]

1.e4 c5 2.Nf3 a6 3.d4 cxd4 4.Nxd4 Nf6 5.Nc3 e5 6.Nf5 d5 7.Qf3 g6 8.Ng3 Bg4
9.Qd3 d4 10.Nce2 Bxe2 11.Bxe2 Bb4+ 12.Bd2 Bxd2+ 13.Qxd2 O-O 14.O-O Nbd7 
15.f4 exf4 16.Qxf4 Qb6 17.Bd3 Qxb2 18.Rfb1 Qc3 19.Ne2 Qc6 20.e5 Nd5 21.
Qxd4 Qc5 22.Rxb7 Qxd4+ 23.Nxd4 Nxe5 24.Be4 Nc3 25.Re1 Nxe4 26.Rxe4 Rfe8 
27.Rb6 Nf3+ 28.gxf3 Rxe4 29.fxe4 Re8 30.Rxa6 Rxe4 31.Nf3 Rc4 32.Ne1 Re4 
33.Kf2 Rh4 34.Kg3 Re4 35.Nd3 Rc4 36.Ne5 Rxc2 37.Ra7 Rc3+ 38.Kg4 f6 39.Nd7 
Kg7 40.Ne5+ Kg8 41.Nf3 h5+ 42.Kf4 g5+ 43.Nxg5 fxg5+ 44.Kxg5 Rh3 1/2-1/2

[Event "Weekend A"]
[Site "Monza ITA"]
[Date "2000.03.19"]
[Round "3"]
[White "Drabke, Lorenz Maximilian"]
[Black "Miatello, Alberto"]
[Result "1/2-1/2"]
[WhiteElo "2149"]
[BlackElo "1782"]
[PlyCount "45"]
[EventDate "2000.03.18"]

1.c4 Nf6 2.Nc3 g6 3.g3 Bg7 4.Bg2 d6 5.e3 e5 6.Nge2 O-O 7.b3 Re8 8.d3 c6 9.
O-O d5 10.Ba3 d4 11.exd4 exd4 12.Ne4 Nxe4 13.Bxe4 Bg4 14.Re1 Qa5 15.Bc1 
Qh5 16.Qd2 Bxe2 17.Qxe2 Qxe2 18.Rxe2 Nd7 19.Bf4 Nc5 20.Rae1 Re6 21.b4 Na4 
22.Bd2 Nc3 23.Bxc3 1/2-1/2

[Event "Weekend A"]
[Site "Monza ITA"]
[Date "2000.03.19"]
[Round "3"]
[White "Olivo, Mario"]
[Black "Papale, Carmelo"]
[Result "1/2-1/2"]
[WhiteElo "1657"]
[BlackElo "1866"]
[PlyCount "66"]
[EventDate "2000.03.18"]

1.d4 Nf6 2.c4 c5 3.d5 b5 4.cxb5 a6 5.bxa6 Bxa6 6.Nc3 d6 7.f4 g6 8.Nf3 Bg7 
9.e4 Bxf1 10.Rxf1 O-O 11.Qe2 Nbd7 12.Kf2 Qb6 13.Kg1 Ng4 14.Kh1 Rfb8 15.Ng5
h5 16.h3 Nh6 17.f5 Qa6 18.Qxa6 Rxa6 19.fxg6 fxg6 20.Ne6 Nf7 21.Nxg7 Kxg7 
22.b3 Nfe5 23.Bg5 Nf6 24.Rfb1 Nd3 25.Kg1 Rb4 26.a3 Rb8 27.Kf1 Rab6 28.Ke2 
Ne5 29.b4 cxb4 30.axb4 Rxb4 31.Rxb4 Rxb4 32.Bxf6+ Kxf6 33.Rb1 Rc4 1/2-1/2

[Event "Weekend A"]
[Site "Monza ITA"]
[Date "2000.03.19"]
[Round "3"]
[White "Romano', Fabio"]
[Black "Bozzali, Ermanno"]
[Result "0-1"]
[WhiteElo "1717"]
[BlackElo "2061"]
[PlyCount "138"]
[EventDate "2000.03.18"]

1.e4 c5 2.Nf3 d6 3.d4 cxd4 4.Nxd4 Nf6 5.Nc3 a6 6.Be2 e5 7.Nb3 Be7 8.Be3 
Be6 9.O-O O-O 10.f4 exf4 11.Bxf4 Nc6 12.Kh1 Rc8 13.Nd4 Ne5 14.Nxe6 fxe6 
15.Bxe5 dxe5 16.Qxd8 Rfxd8 17.Bd3 Bc5 18.h3 Kf7 19.Kh2 Ke7 20.Rf3 Rd7 21.
Ne2 Bd4 22.Rb1 Rc5 23.g4 Rc8 24.Kg3 h6 25.a4 Ba7 26.b3 Rdc7 27.Rb2 Ne8 28.
h4 Nd6 29.Kg2 a5 30.Ng3 Rf8 31.Rb1 Rxf3 32.Kxf3 Kf8 33.Ke2 Rf7 34.Rf1 Rf4 
35.Nh5 Rxf1 36.Kxf1 g6 37.Ng3 Bc5 38.c3 Ne8 39.Ke2 Be7 40.h5 g5 41.Nf1 Nf6
42.Kf3 Ba3 43.Ne3 Bb2 44.Nd1 Ba1 45.Be2 Nd7 46.Bd3 Nc5 47.Bc2 Ke7 48.Ke3 
Kd6 49.Kd2 Nd7 50.Ne3 Kc5 51.Bd1 b5 52.axb5 Kxb5 53.Nc4 Nc5 54.Ke3 Bxc3 
55.Nd6+ Kb4 56.Nf7 Nxb3 57.Bxb3 Kxb3 58.Nxh6 a4 59.Nf7 a3 60.h6 Bd4+ 61.
Ke2 a2 62.h7 a1=Q 63.h8=Q Qb2+ 64.Kd1 Qc2+ 65.Ke1 Qxe4+ 66.Kd1 Qxg4+ 67.
Ke1 Qe4+ 68.Kd1 Qf3+ 69.Kd2 Bc3+ 0-1

[Event "Weekend A"]
[Site "Monza ITA"]
[Date "2000.03.25"]
[Round "4"]
[White "Burani, Eugenio"]
[Black "Bemporad, Filippo"]
[Result "0-1"]
[WhiteElo "1738"]
[BlackElo "2110"]
[PlyCount "72"]
[EventDate "2000.03.18"]

1.e4 c5 2.Nf3 d6 3.d4 cxd4 4.Nxd4 Nf6 5.Nc3 e6 6.Be2 Be7 7.Be3 O-O 8.O-O 
a6 9.f4 Qc7 10.a4 Nc6 11.Qe1 Re8 12.Qg3 Rb8 13.e5 Nd7 14.exd6 Qxd6 15.Ne4 
Nxd4 16.Bg4 Qd5 17.Nc3 Qc4 18.f5 Nxf5 19.Bxf5 exf5 20.Rxf5 Qe6 21.Bd4 g6 
22.Raf1 Rf8 23.Nd5 f6 24.Nxe7+ Qxe7 25.Rd5 b5 26.Qb3 Kg7 27.Qc3 Bb7 28.Re1
Qf7 29.Rd6 Ne5 30.Rf1 Rbc8 31.Qd2 Qe7 32.Bxe5 Qxe5 33.Re1 Qc5+ 34.Kf1 Qf5+
35.Kg1 Rxc2 36.Re7+ Kg8 0-1

[Event "Weekend A"]
[Site "Monza ITA"]
[Date "2000.03.25"]
[Round "4"]
[White "Damia, Angelo"]
[Black "Romano', Fabio"]
[Result "0-1"]
[WhiteElo "1714"]
[BlackElo "1717"]
[PlyCount "76"]
[EventDate "2000.03.18"]

1.e4 c5 2.Nf3 d6 3.d4 cxd4 4.Nxd4 Nf6 5.Nc3 e6 6.Be3 a6 7.Bd3 e5 8.Nb3 b5 
9.O-O Bb7 10.a3 Be7 11.f4 Nbd7 12.f5 Nc5 13.Nxc5 dxc5 14.Qf3 c4 15.Be2 Qc7
16.Rad1 Bc5 17.Bxc5 Qxc5+ 18.Kh1 O-O 19.g4 h6 20.h4 g5 21.hxg5 hxg5 22.Rf2
Kg7 23.Rh2 Rh8 24.Rg1 Qc6 25.Rg3 Nxe4 26.Nxe4 Qxe4 27.f6+ Kg6 28.Rgh3 
Qxf3+ 29.Bxf3 Bxf3+ 30.Rxf3 Rxh2+ 31.Kxh2 Re8 32.Kg3 e4 33.Re3 Kxf6 34.b3 
cxb3 35.cxb3 Ke5 36.Re2 Kd4 37.Rd2+ Kc3 38.Rd5 e3 0-1

[Event "Weekend A"]
[Site "Monza ITA"]
[Date "2000.03.25"]
[Round "4"]
[White "Miatello, Alberto"]
[Black "Zacco, Remo"]
[Result "1-0"]
[WhiteElo "1782"]
[BlackElo "1794"]
[PlyCount "79"]
[EventDate "2000.03.18"]

1.e4 e5 2.Nf3 Nc6 3.Be2 Nf6 4.d4 Nxd4 5.Nxd4 exd4 6.e5 Ne4 7.Qxd4 d5 8.
exd6 Nxd6 9.Nc3 Bd7 10.O-O Nf5 11.Qe4+ Be7 12.Qxb7 O-O 13.Bf4 Nd6 14.Qf3 
Rb8 15.b3 Bf6 16.Rad1 Re8 17.Nd5 Re6 18.c4 Qc8 19.Bd3 Bd8 20.c5 Nb5 21.Bf5
a5 22.Bxe6 Bxe6 23.Qg3 Bxd5 24.Rxd5 Bf6 25.Bg5 Nc3 26.Qd3 Nxd5 27.Qxd5 c6 
28.Qd2 Bxg5 29.Qxg5 Qe6 30.Rd1 Re8 31.h3 h6 32.Qd2 Qe5 33.Qxa5 Qe2 34.Qd2 
Qe7 35.b4 Qh4 36.Qd4 Qh5 37.Qd7 Re6 38.a4 Qh4 39.Qd8+ Kh7 40.Qxh4 1-0

[Event "Weekend A"]
[Site "Monza ITA"]
[Date "2000.03.25"]
[Round "4"]
[White "Papale, Carmelo"]
[Black "Bozzali, Ermanno"]
[Result "0-1"]
[WhiteElo "1866"]
[BlackElo "2061"]
[PlyCount "59"]
[EventDate "2000.03.18"]

1.Nf3 c5 2.g3 b6 3.Bg2 Bb7 4.d3 g6 5.e4 Bg7 6.O-O e6 7.Nbd2 Ne7 8.e5 d6 9.
exd6 Nf5 10.Nc4 Nc6 11.Nfe5 Nxe5 12.Bxb7 Rb8 13.Nxe5 Bxe5 14.Bc6+ Kf8 15.
d7 h5 16.Qe1 Qc7 17.Be4 Nd4 18.Qd1 h4 19.c3 hxg3 20.cxd4 Bxd4 21.Be3 gxf2+
22.Rxf2 Bxe3 23.Qf3 Qxh2+ 24.Kf1 Qxf2+ 25.Qxf2 Bxf2 26.Kxf2 Ke7 27.Bc6 
Rh2+ 28.Kg3 Rd2 29.Bb5 Rxb2 30.a4 0-1

[Event "Weekend A"]
[Site "Monza ITA"]
[Date "2000.03.26"]
[Round "5"]
[White "Bemporad, Filippo"]
[Black "Drabke, Lorenz Maximilian"]
[Result "1-0"]
[WhiteElo "2110"]
[BlackElo "2149"]
[PlyCount "89"]
[EventDate "2000.03.18"]

1.d4 Nf6 2.Nf3 c5 3.c4 cxd4 4.Nxd4 g6 5.Nc3 Nc6 6.Nxc6 bxc6 7.e4 d6 8.Be2 
Bg7 9.O-O O-O 10.Be3 Nd7 11.Qd2 Nc5 12.Rad1 Bxc3 13.Qxc3 Nxe4 14.Qd4 Nc5 
15.Bh6 Ne6 16.Qe4 Re8 17.Qxc6 Bd7 18.Qf3 Qb6 19.Qc3 f6 20.Be3 Qc7 21.b4 
Rec8 22.c5 dxc5 23.bxc5 Kg7 24.Bf3 Rab8 25.Rc1 Nd8 26.Rfd1 Nc6 27.Qd2 Rd8 
28.Bh6+ Kh8 29.Qe2 Be8 30.Bd5 Qe5 31.Qxe5 fxe5 32.Bg5 Nd4 33.Bc4 Rb7 34.f4
Ba4 35.Re1 exf4 36.Bxe7 Rxe7 37.Rxe7 Bc6 38.Rce1 Rb8 39.Bb3 Nxb3 40.axb3 
Rxb3 41.Rc7 Bd5 42.Re8+ Bg8 43.Rcc8 Rb1+ 44.Kf2 Rb2+ 45.Kf3 1-0

[Event "Weekend A"]
[Site "Monza ITA"]
[Date "2000.03.26"]
[Round "5"]
[White "Bozzali, Ermanno"]
[Black "Miatello, Alberto"]
[Result "1-0"]
[WhiteElo "2061"]
[BlackElo "1782"]
[PlyCount "77"]
[EventDate "2000.03.18"]

1.d4 Nf6 2.Nf3 g6 3.Bf4 Bg7 4.e3 d6 5.h3 O-O 6.Nbd2 Nh5 7.Bh2 Nd7 8.Be2 c6
9.c3 Qc7 10.Qc2 e5 11.g4 Nhf6 12.dxe5 dxe5 13.g5 Nd5 14.h4 Re8 15.h5 a5 
16.hxg6 hxg6 17.O-O-O b5 18.Nh4 Nf8 19.Ne4 Be6 20.Rdg1 c5 21.Bf3 Ra6 22.
Nf6+ Nxf6 23.gxf6 Bxf6 24.Nxg6 fxg6 25.Rxg6+ Nxg6 26.Qxg6+ Kf8 27.Qxf6+ 
Qf7 28.Qh6+ Ke7 29.Qh4+ Qf6 30.Qe4 Rf8 31.Bh5 Rb6 32.Bxe5 Qxf2 33.Bf4 Rh8 
34.Bg5+ Kd7 35.Rd1+ Kc8 36.Qa8+ Kc7 37.Qxh8 Bf5 38.Qg7+ Kb8 39.Bf4+ 1-0

[Event "Weekend A"]
[Site "Monza ITA"]
[Date "2000.03.26"]
[Round "5"]
[White "Romano', Fabio"]
[Black "Burani, Eugenio"]
[Result "1-0"]
[WhiteElo "1717"]
[BlackElo "1738"]
[PlyCount "89"]
[EventDate "2000.03.18"]

1.e4 c5 2.Nf3 Nf6 3.Nc3 Nc6 4.d4 d5 5.exd5 Nxd5 6.Nxd5 Qxd5 7.dxc5 Qxd1+ 
8.Kxd1 e5 9.Be3 Bg4 10.Be2 O-O-O+ 11.Nd2 Bxe2+ 12.Kxe2 f5 13.Nb3 f4 14.Bd2
g5 15.f3 Nd4+ 16.Nxd4 Rxd4 17.c3 Rd5 18.b4 Bg7 19.Rhd1 Re8 20.Be1 Rxd1 21.
Rxd1 e4 22.fxe4 Rxe4+ 23.Kf2 Kc7 24.Bd2 Kc6 25.Kf3 Re7 26.Re1 Rd7 27.Re6+ 
Kb5 28.Rd6 Re7 29.Kg4 Re2 30.Kxg5 Rxg2+ 31.Kxf4 Rxh2 32.Ke4 Re2+ 33.Kd3 
Re7 34.c4+ Ka4 35.c6 bxc6 36.Rxc6 Rd7+ 37.Kc2 Rxd2+ 38.Kxd2 Kxb4 39.Kd3 a5
40.Rc7 Be5 41.Rxh7 Ka3 42.Ra7 a4 43.c5 Bh2 44.Kc4 Bg1 45.Kb5 1-0

[Event "Weekend A"]
[Site "Monza ITA"]
[Date "2000.03.26"]
[Round "5"]
[White "Zacco, Remo"]
[Black "Olivo, Mario"]
[Result "1-0"]
[WhiteElo "1794"]
[BlackElo "1657"]
[PlyCount "79"]
[EventDate "2000.03.18"]

1.e4 c5 2.Nf3 d6 3.Bb5+ Bd7 4.Bxd7+ Qxd7 5.c4 Nf6 6.Nc3 e6 7.O-O Nc6 8.d4 
cxd4 9.Nxd4 Ne5 10.b3 Be7 11.f4 Neg4 12.Ba3 a6 13.f5 Ne5 14.Qe2 Nc6 15.
Rad1 Nxd4 16.Rxd4 Qc7 17.Rfd1 O-O-O 18.R4d3 Qa5 19.Bb2 g6 20.fxe6 fxe6 21.
Na4 Rhf8 22.Bd4 Nd7 23.Bc3 Qg5 24.b4 Ne5 25.Rg3 Qf4 26.Bd2 Qf7 27.Rb3 Nc6 
28.Be3 Kb8 29.b5 Na5 30.Rbb1 axb5 31.Rxb5 Nc6 32.Rdb1 Rd7 33.Rb6 Rc7 34.c5
d5 35.Qa6 Bf6 36.Rxc6 Rxc6 37.Qxc6 d4 38.Qd6+ Ka8 39.Nb6+ Ka7 40.c6 1-0

[Event "Weekend A"]
[Site "Monza ITA"]
[Date "2000.03.26"]
[Round "6"]
[White "Bemporad, Filippo"]
[Black "Damia, Angelo"]
[Result "1-0"]
[WhiteElo "2110"]
[BlackElo "1714"]
[PlyCount "77"]
[EventDate "2000.03.18"]

1.d4 d5 2.Nf3 e6 3.g3 c5 4.Bg2 Qb6 5.O-O Nc6 6.dxc5 Bxc5 7.Nbd2 Nf6 8.Nb3 
Bxf2+ 9.Rxf2 Ng4 10.e3 Nxf2 11.Kxf2 O-O 12.Nbd4 Bd7 13.Rb1 Rac8 14.Bd2 
Rfe8 15.Bc3 Nxd4 16.Bxd4 Qc7 17.Bc3 Bc6 18.Be5 Qe7 19.Bc3 Qc7 20.Qd4 f6 
21.Rd1 b6 22.Kg1 e5 23.Qd2 Qb7 24.Qf2 b5 25.a3 Qb6 26.Qd2 Qb7 27.Qf2 Qb6 
28.Bh3 Rcd8 29.Qd2 Qb7 30.Ba5 Ra8 31.Nh4 g6 32.Bg2 e4 33.Bh3 f5 34.Ng2 Re7
35.Qd4 Rae8 36.Bc3 Re5 37.Nf4 g5 38.Ne2 g4 39.Bg2 1-0

[Event "Weekend A"]
[Site "Monza ITA"]
[Date "2000.03.26"]
[Round "6"]
[White "Burani, Eugenio"]
[Black "Zacco, Remo"]
[Result "0-1"]
[WhiteElo "1738"]
[BlackElo "1794"]
[PlyCount "50"]
[EventDate "2000.03.18"]

1.e4 e5 2.Nf3 Nc6 3.Bc4 Nf6 4.d3 Bc5 5.c3 d6 6.b4 Bb6 7.a4 a6 8.O-O O-O 9.
Nbd2 Ne7 10.Bb3 Ng6 11.Nc4 Ba7 12.Be3 Bd7 13.Re1 h6 14.Bc1 Rc8 15.Ne3 Re8 
16.Nd5 c6 17.Nxf6+ Qxf6 18.d4 Bg4 19.Re3 Nh4 20.Qd3 Bxf3 21.gxf3 Qg5+ 22.
Kf1 Ng6 23.Qb1 Nf4 24.Qa2 Qg2+ 25.Ke1 Qg1+ 0-1

[Event "Weekend A"]
[Site "Monza ITA"]
[Date "2000.03.26"]
[Round "6"]
[White "Drabke, Lorenz Maximilian"]
[Black "Bozzali, Ermanno"]
[Result "1-0"]
[WhiteElo "2149"]
[BlackElo "2061"]
[PlyCount "59"]
[EventDate "2000.03.18"]

1.e4 g6 2.d4 Bg7 3.Nc3 c6 4.Bc4 b5 5.Bb3 b4 6.Nce2 d5 7.exd5 cxd5 8.h3 e6 
9.Nf3 a5 10.a3 a4 11.axb4 Bd7 12.c3 Ne7 13.Bxa4 O-O 14.Bf4 Nbc6 15.O-O f6 
16.Kh2 e5 17.dxe5 fxe5 18.Bxc6 Rxa1 19.Bxd5+ Kh8 20.Qxa1 Nxd5 21.Bg3 Rxf3 
22.gxf3 h5 23.Qa5 Qg8 24.c4 Nf4 25.Bxf4 exf4 26.Rd1 Qxc4 27.Rxd7 Qxe2 28.
Kg2 Qxb2 29.Qd8+ Kh7 30.Qe7 1-0

[Event "Weekend A"]
[Site "Monza ITA"]
[Date "2000.03.26"]
[Round "6"]
[White "Miatello, Alberto"]
[Black "Olivo, Mario"]
[Result "1-0"]
[WhiteElo "1782"]
[BlackElo "1657"]
[PlyCount "65"]
[EventDate "2000.03.18"]

1.e4 c5 2.Nf3 d6 3.d4 cxd4 4.Nxd4 Nf6 5.Nc3 a6 6.Bc4 e6 7.Bb3 Nbd7 8.Bg5 
Nc5 9.Qe2 Nxb3 10.axb3 Bd7 11.O-O e5 12.Nf5 Bxf5 13.exf5 Be7 14.Bxf6 Bxf6 
15.Rad1 Rc8 16.Ne4 Rc6 17.c4 Be7 18.Qg4 O-O 19.Rd3 f6 20.Rg3 Rf7 21.Rd1 
Qc7 22.Qh5 Bf8 23.Rh3 h6 24.Qg6 Kh8 25.g4 Rd7 26.g5 d5 27.gxh6 gxh6 28.
Nxf6 Rxf6 29.Qxf6+ Kh7 30.Qxf8 Rg7+ 31.Rg3 Rxg3+ 32.hxg3 d4 33.f6 1-0